CASH,S TB. OF CHEST , HEART & VASCULAR DISORDER (Record no. 1496)

MARC details
000 -LEADER
fixed length control field 00368nam a2200145Ia 4500
008 - FIXED-LENGTH DATA ELEMENTS--GENERAL INFORMATION
fixed length control field 150201s1993 xx 000 0 und d
082 ## - DEWEY DECIMAL CLASSIFICATION NUMBER
Classification number 615.82
Item number C93D
100 ## - MAIN ENTRY--PERSONAL NAME
Personal name DOWNIE , PATRICIA A .
245 ## - TITLE STATEMENT
Title CASH,S TB. OF CHEST , HEART & VASCULAR DISORDER
250 ## - EDITION STATEMENT
Edition statement 4TH
260 ## - PUBLICATION, DISTRIBUTION, ETC. (IMPRINT)
Name of publisher, distributor, etc. JAYPEE
Place of publication, distribution, etc. INDIA
Date of publication, distribution, etc. 1993
300 ## - PHYSICAL DESCRIPTION
Extent 1-450
650 ## - SUBJECT ADDED ENTRY--TOPICAL TERM
Topical term or geographic name as entry element MEDICINE
942 ## - ADDED ENTRY ELEMENTS (KOHA)
Source of classification or shelving scheme Dewey Decimal Classification
Koha item type Books
Koha issues (borrowed), all copies 13
Holdings
Withdrawn status Lost status Source of classification or shelving scheme Damaged status Not for loan Collection code Home library Current library Shelving location Date acquired Source of acquisition Cost, normal purchase price SGTU Total Checkouts Full call number Barcode Date last seen Date last checked out Bill Date Koha item type
    Dewey Decimal Classification     MEDICAL SGT Medical Library SGT Medical Library Text Book 21/03/2013 UBS DELHI 350.00 SGTU 13 615.82 C93D FM5396 16/06/2025 13/06/2025 21/03/2013 Books
    Dewey Decimal Classification     MEDICAL SGT Medical Library SGT Medical Library Text Book 21/03/2013 UBS DELHI 350.00 SGTU   615.82 C93D FM5397 09/02/2015   21/03/2013 Books
    Dewey Decimal Classification     MEDICAL SGT Medical Library SGT Medical Library Text Book 21/03/2013 UBS DELHI 350.00 SGTU 22 615.82 C93D FM5398 14/01/2026 06/01/2026 21/03/2013 Books